Statistics for Count as High as You Can - Two Minute Sprint

Click here to take the quiz!

General Stats

  • This quiz has been taken 2,792 times
    (499 since last reset)
  • The average score is 167 of 360

Answer Stats

#% Correct
1
100%
2
99%
10
98%
11
98%
3
98%
4
98%
5
98%
6
98%
7
98%
8
98%
9
98%
12
97%
13
97%
14
97%
15
97%
16
96%
17
96%
18
96%
19
96%
20
95%
21
95%
22
95%
23
95%
24
95%
25
95%
26
95%
27
95%
28
95%
29
95%
30
95%
31
95%
32
95%
33
95%
34
95%
35
94%
36
94%
37
94%
38
94%
39
94%
40
94%
41
94%
42
94%
43
93%
44
93%
45
93%
46
93%
47
93%
48
93%
49
93%
50
93%
51
93%
52
93%
53
93%
54
93%
55
93%
56
93%
57
93%
58
93%
59
93%
60
93%
61
93%
62
93%
63
93%
64
93%
65
93%
66
93%
67
93%
68
93%
69
93%
70
93%
71
93%
72
93%
73
93%
74
93%
75
93%
76
93%
77
93%
78
93%
79
93%
80
93%
81
93%
82
93%
83
93%
84
93%
85
93%
86
93%
87
93%
88
92%
89
92%
90
92%
91
92%
92
92%
93
92%
100
91%
101
91%
94
91%
95
91%
96
91%
97
91%
98
91%
99
91%
102
90%
103
90%
104
90%
105
90%
106
90%
107
89%
108
89%
109
89%
110
89%
111
88%
112
88%
113
88%
114
87%
115
86%
116
86%
117
86%
118
86%
119
86%
120
86%
121
85%
122
83%
123
83%
124
83%
125
82%
126
82%
127
82%
128
81%
129
81%
130
79%
131
77%
132
76%
133
75%
134
74%
135
74%
136
72%
137
71%
138
69%
139
68%
140
66%
141
66%
142
64%
143
64%
144
62%
145
60%
146
59%
147
58%
148
57%
149
55%
150
55%
151
55%
152
53%
153
52%
154
51%
155
50%
156
49%
157
48%
158
47%
159
45%
160
44%
161
43%
162
43%
163
43%
164
41%
165
41%
166
40%
167
38%
168
37%
169
36%
170
35%
171
34%
172
33%
173
33%
174
33%
175
31%
176
30%
177
30%
178
28%
179
28%
180
27%
181
27%
182
27%
183
27%
184
27%
185
26%
186
25%
187
25%
188
25%
189
24%
190
24%
191
24%
192
22%
193
22%
194
22%
195
21%
196
20%
197
20%
198
20%
199
19%
200
19%
201
19%
202
18%
203
17%
204
17%
205
17%
206
17%
207
16%
208
16%
209
16%
210
15%
211
15%
212
14%
213
14%
214
14%
215
14%
216
14%
217
13%
218
13%
219
13%
220
13%
221
13%
222
13%
223
13%
224
13%
225
13%
226
13%
227
12%
228
12%
229
12%
230
12%
231
12%
232
12%
233
12%
234
12%
235
12%
236
12%
237
12%
238
12%
239
12%
240
12%
241
12%
242
12%
243
12%
244
12%
245
12%
246
12%
247
12%
248
12%
249
11%
250
11%
251
11%
252
11%
253
11%
254
11%
255
11%
256
11%
257
11%
258
11%
259
11%
260
11%
261
11%
262
11%
263
11%
264
10%
265
10%
266
10%
267
10%
268
10%
269
10%
270
10%
271
10%
272
10%
273
10%
274
10%
275
10%
276
10%
277
10%
278
10%
279
10%
280
10%
281
10%
282
10%
283
10%
284
10%
285
10%
286
10%
287
10%
288
10%
289
10%
290
10%
291
10%
292
10%
293
10%
294
10%
295
10%
296
10%
297
10%
298
10%
299
10%
300
10%
301
10%
302
10%
303
10%
304
10%
305
10%
306
10%
307
10%
308
10%
309
10%
310
10%
311
10%
312
10%
313
10%
314
10%
315
10%
316
10%
317
10%
318
10%
319
10%
320
10%
321
9%
322
9%
323
9%
324
9%
325
9%
326
9%
327
9%
328
9%
329
9%
330
9%
331
9%
332
9%
333
9%
334
9%
335
9%
336
9%
337
9%
338
9%
339
9%
340
9%
341
9%
342
9%
343
9%
344
9%
345
9%
346
9%
347
9%
348
9%
349
9%
350
9%
351
8%
352
8%
353
8%
354
8%
355
8%
356
7%
357
7%
358
7%
359
7%
360
7%

Score Distribution

Percentile by Number Answered

Percent of People with Each Score

Your Score History

You have not taken this quiz since the last reset